000 00245nam a2200109Ia 4500
008 220204s9999 xx 000 0 und d
082 _a82-3
_bSTE
100 _aStevenson, R L
245 0 _aKidnapped
260 _aNew delhi
_bS Chand
942 _cBK
999 _c35521
_d35521